000 00586nam a2200241Ia 4500
003 OSt
005 20220918192721.0
006 a|||||r|||| 00| 0
007 ta
008 220917b |||||||| |||| 00| 0 eng d
024 _a69,781
037 _cTextual
040 _aARTS
_cARTS
_beng
041 _2eng
_aeng
082 _aQ, L9
100 _aFellows W J
_979902
245 0 _aReligions East and West
260 _aN York
_bHolt
_c1979
300 _axvi, 444p.
_ccm.
650 _aRELIGION
942 _hQ, L9
_cTEXL
_2CC
999 _c195911
_d195911